Balance de una gestión 1998 - 2000

En este texto se hace énfasis en los lineamientos de la gestión del Alcalde Enrique Peñalosa, y muestra como una de sus esfuerzos más importantes el de rediseñar administrativa y técnicamente la Alcaldía para darle una visión a mediano y largo plazos.

Uloženo v:
Podrobná bibliografie
Korporativní autor: Bogotá. Alcaldía Mayor. Departamento Administrativo de Bienestar Social
Médium: Kniha
Jazyk:Spanish
Vydáno: Bogotá: Alcaldía Mayor, 2000.
Edice:Bienestar social; No. 1
Témata:
On-line přístup:Enlace del recurso
Tagy: Přidat tag
Žádné tagy, Buďte první, kdo vytvoří štítek k tomuto záznamu!

MARC

LEADER 00000nam a2200000 a 4500
001 000974
008 030429s2000 ck a fr# #000|0#spa#d
020 |a 958-96933-0-X 
041 0 |a spa 
043 |a s-ck--- 
082 0 4 |a 362.5  |b A411b 
110 1 |a Bogotá.  |b Alcaldía Mayor.  |b Departamento Administrativo de Bienestar Social 
245 1 0 |a Balance de una gestión 1998 - 2000  |c Departamento Administrativo de Bienestar Social 
260 |a Bogotá:  |b Alcaldía Mayor,  |c 2000. 
300 |a 96 p.,ma p.:  |b il., gráf., tabls. 
440 0 |a Bienestar social;  |v No. 1 
520 3 |a En este texto se hace énfasis en los lineamientos de la gestión del Alcalde Enrique Peñalosa, y muestra como una de sus esfuerzos más importantes el de rediseñar administrativa y técnicamente la Alcaldía para darle una visión a mediano y largo plazos. 
650 1 4 |a SERVICIO SOCIAL  |z COLOMBIA 
650 1 4 |a ASISTENCIA PÚBLICA 
999 |c 3126  |d 3126 
856 |u https://catalogo.idep.edu.co/cgi-bin/koha/opac-detail.pl?biblionumber=3126  |z Enlace del recurso